书目信息 |
| 题名: |
研究生大学生就业指导与范例
|
|
| 作者: | 詹一虹 , 李炎芳 主编 | |
| 分册: | ||
| 出版信息: | 武汉 华中师范大学出版社 2003 |
|
| 页数: | 310页 | |
| 开本: | 22cm | |
| 丛书名: | ||
| 单 册: | ||
| 中图分类: | G473.8 | |
| 科图分类: | ||
| 主题词: | 研究生--就业--基本知识 , 大学生--就业--基本知识 | |
| 电子资源: | ||
| ISBN: | 7-5622-2793-4 | |
| 000 | 00893nam0 2200241 45 | |
| 001 | 002513416 | |
| 005 | 20050323101005.4 | |
| 010 | @a7-5622-2793-4@dCNY29.00 | |
| 100 | @a20031127d2003 em y0chiy0110 ea | |
| 101 | 0 | @achi |
| 102 | @aCN@b420000 | |
| 105 | @ay z 000yy | |
| 200 | 1 | @a研究生大学生就业指导与范例@Ayan jiu sheng da xue sheng jiu ye zhi dao yu fan li@f詹一虹,李炎芳主编@FZhan Yi Hong,Li Yan Fang Zhu Bian |
| 210 | @a武汉@c华中师范大学出版社@d2003 | |
| 215 | @a310页@d22cm | |
| 330 | @a本书针对我国研究生、大学生的就业现状,从理论与实践的结合上探讨了大学生特别是研究生就业指导的规律,提出了研究生、大学生就业指导的经验及做法,并介绍了一些择业的范例。 | |
| 606 | 0 | @a研究生@x就业@x基本知识 |
| 606 | 0 | @a大学生@x就业@x基本知识 |
| 690 | @aG473.8@v4 | |
| 701 | 0 | @a詹一虹@4主编 |
| 701 | 0 | @a李炎芳@4主编 |
| 801 | 0 | @aCN@bNLC@c20040406 |
| 905 | @b345850-853@dG473.8@e38@f4 | |
| 研究生大学生就业指导与范例/詹一虹,李炎芳主编.-武汉:华中师范大学出版社,2003 |
| 310页;22cm |
| ISBN 7-5622-2793-4:CNY29.00 |
| 本书针对我国研究生、大学生的就业现状,从理论与实践的结合上探讨了大学生特别是研究生就业指导的规律,提出了研究生、大学生就业指导的经验及做法,并介绍了一些择业的范例。 |
| ● |
| 相关链接 |
|
|
|
|
正题名:研究生大学生就业指导与范例
索取号:G473.8/38
 
预约/预借
| 序号 | 登录号 | 条形码 | 馆藏地/架位号 | 状态 | 备注 |
| 1 | 0345850 | 203458506 | 第一样本阅览室/ [索取号:G473.8/38] | 在馆 | |
| 2 | 0345851 | 203458515 | 第四借阅区/ [索取号:G473.8/38] | 在馆 | |
| 3 | 0345852 | 203458524 | 第四借阅区/ [索取号:G473.8/38] | 在馆 | |
| 4 | 0345853 | 203458533 | 第四借阅区/ [索取号:G473.8/38] | 在馆 |